Utah business the magazine for decision makers

Detalles Bibliográficos
Formato: Desconocido
Lenguaje:inglés
Publicado: Salt Lake City, Utah : American Diversified Pub. Co.
Materias:
Acceso en línea:Acceso restringido

MARC

LEADER 00000ny a22000003n 4500
005 20110511132316.0
008 910211c19919999utumx p 0 a0eng d
010 |a 97640853   |z sn 96006716 
022 0 |a 1091-1707 
035 |a 2994 
040 |a UOW  |c UOW  |d vLex 
090 |c 1674  |d 1674 
245 3 0 |a Utah business  |h [Recurso electrn̤ico]  |b the magazine for decision makers 
256 |a Servicio en ln̕ea 
260 |a Salt Lake City, Utah :  |b American Diversified Pub. Co. 
310 |a Mensual 
506 1 |a Contenido solo disponible en los productos indicados  |d vLex Global  |d vLex Global (Academic Edition, excluding Law Schools)  |d vLex Global (Academic Edition, Law Schools) 
650 0 4 |a Sociedades  |x Publicaciones perid̤icas 
651 4 |a Estados Unidos  |x Condiciones econm̤icas 
740 0 |a vLex Revista (Servicios en ln̕ea) 
843 |a Electrn̤ica. Abierta 
853 |8 1  |i (year)  |j (month)  |k (day) 
856 4 0 |z Acceso restringido  |u http://vlex.com/account/login_ip?fuente_id=2994  
942 |c REV 
999 0 |a Business enterprises  |z Utah  |v Periodicals. 
999 0 |a Utah  |v Periodicals. 
999 0 |a Utah  |v Periodicals.